Statistics for Biggest Cities Beginning With 'T'

Click here to take the quiz!

General Stats

  • This quiz has been taken 54 times
    (16 since last reset)
  • The average score is 55 of 244

Answer Stats

PopulationCountryCity% Correct
2,646,204TaiwanTaipei
100%
181,082ItalyTaranto
100%
1,978,028UzbekistanTashkent
100%
1,049,498GeorgiaTbilisi
100%
7,153,309IranTehran
100%
9,583,277ChinaTiānjīn
100%
2,731,571CanadaToronto
100%
394,024EstoniaTallinn
91%
8,336,599JapanTokyo
91%
638,845TunisiaTunis
91%
870,456ItalyTurin
91%
1,276,738HondurasTegucigalpa
82%
374,801AlbaniaTirana
82%
270,871United StatesToledo
82%
156,916PhilippinesToledo
82%
142,645BrazilToledo
82%
229,398LebanonTripoli
82%
591,062LibyaTripoli
82%
432,892IsraelTel Aviv
73%
433,055FranceToulouse
73%
1,424,641IranTabriz
64%
384,959United StatesTampa
64%
947,952MoroccoTangier
64%
1,300,983MexicoTijuana
64%
219,346United StatesTacoma
55%
3,378,731ChinaTàiyuán
55%
202,687FinlandTampere
55%
542,629United StatesTucson
55%
413,066United StatesTulsa
55%
1,040,725TaiwanTaichung
45%
615,222YemenTaiz
45%
2,128,191ChinaTángshān
45%
354,290GreeceThessaloniki
45%
489,333MexicoToluca
45%
608,836MexicoTorreón
45%
187,056ItalyTrieste
45%
175,945FinlandTurku
45%
1,123,541ChinaTài'ān
36%
771,235TaiwanTainan
36%
1,189,276ChinaTáizhōu
36%
140,323SpainTarragona
36%
783,473ChinaTéngzhōu
36%
784,153IndiaThiruvananthapuram
36%
199,613NetherlandsTilburg
36%
315,053RomaniaTimişoara
36%
126,587United StatesTopeka
36%
168,701FranceToulon
36%
141,621FranceTours
36%
147,139NorwayTrondheim
36%
142,486Bosnia and HerzegovinaTuzla
36%
400,212RussiaTver
36%
135,204LebanonTyre
36%
358,153KazakhstanTaraz
27%
101,092EstoniaTartu
27%
147,980United KingdomTelford
27%
180,587United StatesTempe
27%
868,075BrazilTeresina
27%
325,110IndiaThrissur
27%
107,909CanadaThunder Bay
27%
157,000MoldovaTiraspol
27%
775,484IndiaTiruchirappalli
27%
397,521IndiaTiruppur
27%
702,879RussiaTolyatti
27%
485,519RussiaTomsk
27%
168,729AustraliaTownsville
27%
100,129GermanyTrier
27%
986,800PeruTrujillo
27%
468,825RussiaTula
27%
234,817TurkmenistanTürkmenabat
27%
530,848Saudi ArabiaTa’if
18%
196,169United StatesTallahassee
18%
371,351GhanaTamale
18%
309,003MexicoTampico
18%
221,127TanzaniaTanga
18%
1,372,124IndonesiaTangerang
18%
105,510PhilippinesTanza
18%
402,014TaiwanTaoyuan
18%
256,482TurkeyTarsus
18%
151,300New ZealandTauranga
18%
122,287TurkeyTekirdağ
18%
110,003United StatesTemecula
18%
184,240BrazilTeresópolis
18%
210,941SpainTerrassa
18%
307,338MozambiqueTete
18%
1,261,517IndiaThāne
18%
317,763SenegalThiès
18%
141,867United StatesThornton
18%
126,966United StatesThousand Oaks
18%
544,441ChinaTiānshuĭ
18%
326,286MadagascarToamasina
18%
129,702TurkeyTokat
18%
476,792ChinaTōnghuà
18%
100,032AustraliaToowoomba
18%
147,067United StatesTorrance
18%
753,315SenegalTouba
18%
244,083TurkeyTrabzon
18%
130,657BoliviaTrinidad
18%
110,884TurkeyTurhal
18%
105,995United StatesTyler
18%
293,652BrazilTaboão da Serra
9%
160,608TanzaniaTabora
9%
455,450Saudi ArabiaTabuk
9%
242,089PhilippinesTacloban
9%
321,700PeruTacna
9%
108,167IndiaTādepallegūdem
9%
279,056RussiaTaganrog
9%
644,473PhilippinesTaguig
9%
117,826NigerTahoua
9%
124,874EgyptṬahṭā
9%
435,225ChinaTàicāng
9%
217,647MalaysiaTaiping
9%
106,929TaiwanTaitung City
9%
553,079ChinaTàixīng
9%
107,818JapanTajimi
9%
334,223JapanTakamatsu
9%
170,077JapanTakaoka
9%
219,789JapanTakarazuka
9%
240,857JapanTakasaki
9%
354,468JapanTakatsuki
9%
311,206GhanaTakoradi
9%
236,724ChileTalca
9%
158,345ChileTalcahuano
9%
116,558KazakhstanTaldykorgan
9%
133,148PhilippinesTalisay
9%
103,471EgyptṬalkhā
9%
107,293SenegalTambacounda
9%
174,787IndiaTambaram
9%
290,933RussiaTambov
9%
130,200ArgentinaTandil
9%
125,598PakistanTando Adam
9%
127,202PakistanTando Allahyar
9%
180,144BangladeshTāngāil
9%
142,506IndonesiaTanjungbalai
9%
192,493IndonesiaTanjung Pinang
9%
528,672EgyptṬanṭā
9%
164,976ChinaTáonán
9%
103,398MoroccoTaourirt
9%
202,672MexicoTapachula
9%
146,863RomaniaTârgu-Mureş
9%
268,387BoliviaTarija
9%
183,930PhilippinesTarlac City
9%
117,799PolandTarnów
9%
135,786MalaysiaTasek Glugor
9%
271,143IndonesiaTasikmalaya
9%
122,967BrazilTatuí
9%
317,915BrazilTaubaté
9%
160,115MyanmarTaunggyi
9%
106,945MyanmarTaungoo
9%
306,462MalaysiaTawau
9%
231,460PhilippinesTaytay
9%
148,456MoroccoTaza
9%
194,461AlgeriaTébessa
9%
117,530IndonesiaTebingtinggi
9%
237,084IndonesiaTegal
9%
248,716MexicoTehuacán
9%
100,015SpainTelde
9%
128,275IndonesiaTeluknaga
9%
139,784GhanaTema
9%
313,510MoroccoTémara
9%
170,600KazakhstanTemirtau
9%
302,931ChileTemuco
9%
140,937BrazilTeófilo Otoni
9%
102,667MexicoTepexpan
9%
332,863MexicoTepic
9%
101,731IndonesiaTernate
9%
235,676UkraineTernopil
9%
111,575CanadaTerrebonne
9%
380,787MoroccoTétouan
9%
105,165MexicoTexcoco de Mora
9%
138,279IndiaThānesar
9%
112,473VietnamThanh Hóa
9%
219,571IndiaThanjavur
9%
130,763MyanmarThaton
9%
114,436United StatesThe Woodlands
9%
251,407KenyaThika
9%
410,760IndiaThoothukudi
9%
324,625ChinaTiāncháng
9%
612,515ChinaTiānmén
9%
178,915AlgeriaTiaret
9%
235,148ChinaTiĕlì
9%
396,505ChinaTiĕlĭng
9%
170,222BrazilTimon
9%
105,200VenezuelaTinaquillo
9%
140,385UzbekistanTirmiz
9%
473,637IndiaTirunelveli
9%
250,821IndiaTirupati
9%
138,243IndiaTiruvannāmalai
9%
248,059IndiaTiruvottiyūr
9%
116,541IndiaTitagarh
9%
104,312AlgeriaTizi Ouzou
9%
653,410MexicoTlalnepantla
9%
575,942MexicoTlaquepaque
9%
173,531AlgeriaTlemcen
9%
113,800RussiaTobolsk
9%
339,435JapanTokorozawa
9%
267,345JapanTokushima
9%
169,760MadagascarToliara
9%
174,806JapanTomakomai
9%
408,759MexicoTonalá
9%
132,873JapanTondabayashi
9%
269,346ChinaTóngchéng
9%
223,603ChinaTongchuan
9%
540,338ChinaTōngliáo
9%
526,261ChinaTónglíng
9%
206,147ChinaTóngrén
9%
400,417ChinaTóngxiāng
9%
151,331IndiaTonk
9%
125,633IranTorbat-e Ḩeydarīyeh
9%
118,162SpainTorrejón de Ardoz
9%
101,792SpainTorrevieja
9%
208,717PolandToruń
9%
117,483GuatemalaTotonicapán
9%
154,098JapanTottori
9%
325,532JapanToyama
9%
378,374JapanToyohashi
9%
120,537JapanToyokawa
9%
384,459JapanToyonaka
9%
362,383JapanToyota
9%
107,400ArgentinaTrelew
9%
123,281BrazilTrês Lagoas
9%
108,420Sri LankaTrincomalee
9%
129,823BrazilTrindade
9%
134,413CanadaTrois-Rivières
9%
366,503DR CongoTshikapa
9%
163,461JapanTsu
9%
288,728ChinaTsuen Wan
9%
175,589JapanTsukuba
9%
106,422BrazilTubarão
9%
115,144BrazilTucuruí
9%
115,105PhilippinesTuguegarao
9%
102,406MexicoTulancingo
9%
218,812ColombiaTuluá
9%
257,052ColombiaTumaco
9%
107,500PeruTumbes
9%
109,342ChinaTúmen
9%
307,359IndiaTumkūr
9%
337,579BangladeshTungi
9%
179,263ColombiaTunja
9%
103,292TurkeyTurgutlu
9%
379,500VenezuelaTurmero
9%
101,810MexicoTuxtepec
9%
537,102MexicoTuxtla Gutiérrez
9%
130,000PolandTychy
9%
519,119RussiaTyumen
9%

Score Distribution

Percentile by Number Answered

Percent of People with Each Score

Your Score History

You have not taken this quiz since the last reset